Souvenir jubilaire (1854-1929)  album historique et palmarès.

محفوظ في:

المؤلف الرئيسي: Christian Brothers.

التنسيق: كتاب

اللغة: Undetermined

منشور في: Caire Frères des écoles chrétiennes au Caire 1929

الموضوعات:

الوسوم: إضافة وسم

لا توجد وسوم, كن أول من يضع وسما على هذه التسجيلة!

رقم الطلب: (F)LA1646 .F82

LEADER 00707nam a2200169Ia 4500
008 220904s9999||||xx |||||||||||||| ||und||
050 |a (F)LA1646 .F82 
100 1 |a  Christian Brothers. 
245 1 0 |a Souvenir jubilaire (1854-1929)   |b album historique et palmarès.  |c Christian Brothers. 
264 1 |a Caire  |b Frères des écoles chrétiennes au Caire  |c 1929 
300 |a 82p.  |b 40 unnumbered leaves of plates : ills 
650 4 |a Education -- Egypt -- Cairo -- History. 
650 4 |a Éducation -- Égypte -- Le Caire -- Histoire. 
650 4 |a Education. 
942 |2 lcc  |c BK 
952 |0 0  |1 0  |2 lcc  |4 0  |7 1  |9 42737  |a ARCE  |b ARCE  |d 2022-09-04  |l 0  |o (F)LA1646 .F82  |p 1031643  |r 2022-09-04 00:00:00  |w 2022-09-04  |y BK 
999 |c 49410  |d 49410